Normal view
MARC view
Entry Personal Name
001 - CONTROL NUMBER
- control field: 70464
003 - CONTROL NUMBER IDENTIFIER
- control field: dpl
005 - DATE AND TIME OF LATEST TRANSACTION
- control field: 20240823111532.0
008 - FIXED-LENGTH DATA ELEMENTS
- fixed length control field: 240823|| aca||aabn | a|a d
040 ## - CATALOGING SOURCE
- Original cataloging agency: dpl
- Transcribing agency: dpl
100 ## - HEADING--PERSONAL NAME
- Personal name: Kaur, Harpreet
670 ## - SOURCE DATA FOUND
- Source citation: Work cat.: (dpl)205225: Avtar Singh 70463, Introduction to Labour and Industrial Law 1/, 2024
